Sports Quiz

Random Sports Quiz
Score 0/43 Timer 05:00
0 Plays Today
Number Driver % Correct
48Jimmie Johnson
100%
20Tony Stewart
97.1%
31Jeff Burton
91.3%
17Matt Kenseth
89.9%
2Kurt Busch
89.9%
99Carl Edwards
89.9%
24Jeff Gordon
89.9%
88Dale Jarrett
88.4%
25Brian Vickers
87%
26Jamie McMurray
87%
38Elliott Sadler
87%
7Robby Gordon
85.5%
19Jeremy Mayfield
85.5%
45Kyle Petty
84.1%
18JJ Yeley
82.6%
29Kevin Harvick
82.6%
55Michael Waltrip
82.6%
10Scott Riggs
81.2%
11Denny Hamlin
81.2%
8Dale Earnhardt Jr.
78.3%
5Kyle Busch
78.3%
12Ryan Newman
76.8%
Number Driver % Correct
6Mark Martin
76.8%
16Greg Biffle
76.8%
41Reed Sorenson
75.4%
01Joe Nemechek
75.4%
9Kasey Kahne
75.4%
07Clint Bowyer
75.4%
1Martin Truex Jr.
73.9%
96Tony Raines
72.5%
42Casey Mears
72.5%
66Jeff Green
71%
43Bobby Labonte
71%
22 Dave Blaney
69.6%
14Sterling Marlin
68.1%
40David Stremme
62.3%
21Ken Schrader
60.9%
32Travis Kvapil
50.7%
61Kevin Lepage
49.3%
4Scott Wimmer
42%
00Hermie Sadler
37.7%
27Kirk Shelmerdine
33.3%
34Chad Chaffin
26.1%
Remove Ads.
Support Sporcle.
Get the best of Sporcle when you Go Orange. This ad-free experience offers more features, more stats, and more fun while also helping to support Sporcle. Thank you for becoming a member.

You're not logged in!

Compare scores with friends on all Sporcle quizzes.
OR
Log In

Show Comments

Extras

Top Quizzes Today


Score Distribution

Your Account Isn't Verified!

In order to create a playlist on Sporcle, you need to verify the email address you used during registration. Go to your Sporcle Settings to finish the process.

Report this User

Report this user for behavior that violates our Community Guidelines.

Details: